[Event "CZE-ch Amateurs 2022"]
[Site "Luhacovice"]
[Date "2022.03.16"]
[Round "6.9"]
[White "Lorenc, Tomas"]
[Black "Taus, Martin"]
[Result "0-1"]
[WhiteElo "2183"]
[BlackElo "2017"]
[Annotator "ChessBase"]
[PlyCount "94"]
[EventDate "2022.03.12"]
[EventType "swiss"]
[EventCountry "CZE"]
[SourceTitle "playchess.com"]
[Source "ChessBase"]
[SourceQuality "1"]
[TimeControl "5400+30"]

1. c4 {[%emt 0:00:19]} Nc6 {[%emt 0:00:06]} 2. g3 {[%emt 0:01:23]} d5 {[%emt 0:00:14]} 3. Bg2 {[%emt 0:01:46]} d4 {[%emt 0:00:35]} 4. d3 {[%emt 0:03:18]} e5 {[%emt 0:00:29]} 5. Nf3 {[%emt 0:01:37]} Nf6 {[%emt 0:00:10]} 6. Nbd2 {[%emt 0:01:29]} Be7 {[%emt 0:01:42]} 7. O-O {[%emt 0:00:10]} O-O {[%emt 0:02:16]} 8. Rb1 {[%emt 0:00:19]} a5 {[%emt 0:04:00]} 9. a3 {[%emt 0:00:12]} a4 {[%emt 0:01:00]} 10. b4 {[%emt 0:00:47]} axb3 {[%emt 0:00:09]} 11. Qxb3 {[%emt 0:00:08]} Re8 {[%emt 0:09:27]} 12. Ne1 {[%emt 0:05:34]} Ra6 {[%emt 0:05:14]} 13. Nc2 {[%emt 0:02:50]} Rb6 {[%emt 0:10:43]} 14. Qa2 {[%emt 0:00:22]} Ra6 {[%emt 0:04:21]} 15. Rb5 {[%emt 0:10:06]} Bf8 {[%emt 0:00:23]} 16. Ne4 {[%emt 0:14:00]} Nxe4 {[%emt 0:09:32]} 17. Bxe4 {[%emt 0:00:07]} f5 {[%emt 0:01:16]} 18. Bd5+ {[%emt 0:07:34]} Kh8 {[%emt 0:02:02]} 19. Bf7 {[%emt 0:00:57]} f4 {[%emt 0:06:50]} 20. Ne1 {[%emt 0:05:28]} Re7 {[%emt 0:06:24]} 21. Bd5 {[%emt 0:02:09]} g5 {[%emt 0:04:03]} 22. e3 {[%emt 0:01:53]} Bh3 {[%emt 0:14:37]} 23. Ng2 {[%emt 0:03:31]} Qc8 {[%emt 0:06:53]} 24. Qb2 {[%emt 0:08:38]} Nd8 {[%emt 0:03:39]} 25. Be4 {[%emt 0:05:21]} Rf7 {[%emt 0:03:10]} 26. Rxe5 {[%emt 0:06:53]} f3 {[%emt 0:01:46]} 27. Qxd4 {[%emt 0:02:05]} Rd6 {[%emt 0:01:44]} 28. Qc3 {[%emt 0:02:27]} Ne6 {[%emt 0:00:22]} 29. Ne1 {[%emt 0:08:10]} Bg7 {[%emt 0:01:03]} 30. Nxf3 {[%emt 0:00:17]} Bxf1 {[%emt 0:00:21]} 31. Kxf1 {[%emt 0:00:01]} Qf8 {[%emt 0:00:45]} 32. Bb2 {[%emt 0:02:22]} g4 {[%emt 0:00:31]} 33. Qc1 {[%emt 0:02:30]} gxf3 {[%emt 0:00:20]} 34. Rh5 {[%emt 0:00:14]} Bxb2 {[%emt 0:00:38]} 35. Qxb2+ {[%emt 0:00:02]} Kg8 {[%emt 0:00:04]} 36. c5 {[%emt 0:00:51]} Ra6 {[%emt 0:00:28]} 37. Bxb7 {[%emt 0:00:34]} Ra5 {[%emt 0:00:36]} 38. Bd5 {[%emt 0:00:22]} Rxc5 {[%emt 0:00:36]} 39. Re5 {[%emt 0:01:24]} Qd6 {[%emt 0:00:34]} 40. Rxe6 {[%emt 0:01:18]} Qxd5 {[%emt 0:00:08]} 41. Re8+ {[%emt 0:00:34]} Rf8 {[%emt 0:00:03]} 42. Rxf8+ {[%emt 0:00:09]} Kxf8 {[%emt 0:00:02]} 43. Qh8+ {[%emt 0:00:16]} Qg8 {[%emt 0:00:57]} 44. Qf6+ {[%emt 0:00:01]} Qf7 {[%emt 0:00:06]} 45. Qd8+ {[%emt 0:00:10]} Kg7 {[%emt 0:00:05]} 46. Qd4+ {[%emt 0:00:09]} Qf6 {[%emt 0:00:18]} 47. Qd7+ {[%emt 0:00:24]} Kf8 {[%emt 0:00:21]} 0-1

[Event "CZE-ch Amateurs 2022"]
[Site "Luhacovice"]
[Date "2022.03.16"]
[Round "6.10"]
[White "Zelbova, Lada"]
[Black "Zabystrzan, Pavel"]
[Result "1-0"]
[WhiteElo "1905"]
[BlackElo "2162"]
[Annotator "TA"]
[PlyCount "125"]
[EventDate "2022.03.12"]
[EventType "swiss"]
[EventCountry "CZE"]
[SourceTitle "playchess.com"]
[Source "ChessBase"]
[SourceQuality "1"]

{[%evp 14,125,36,35,53,26,31,8,44,-54,43,31,51,31,56,59,65,47,47,5,81,0,0,0,88,50,41,57,50,17,76,44,81,46,109,96,139,123,127,137,216,215,215,206,220,215,206,187,187,187,322,268,301,280,335,329,325,307,443,328,587,570,1020,469,993,602,1041,758,1482,1011,1483,908,29982,29983,29986,29987,29987,29988,29988,29988,29989,1086,1056,625,833,0,1104,1124,2904,1101,1906,1647,5310,5287,1516,1144,29978,29979,29979,29980,29983,29977,29981,29982,29982,6095,29979,2075,1705,1718,1062,941,29985,1341]} 1. d4 {[%cal Bd2d4,Bd4d5][%mdl 32]} Nf6 2. Nf3 c5 3. d5 g6 4. Nc3 Bg7 5. e4 d6 6. Bb5+ Bd7 7. a4 O-O 8. O-O Na6 {8...Bxb5 is the hot move. A43: Schmid Benoni.} 9. Bxa6 (9. Bc4 {keeps more tension.} Nb4 10. Bf4 Nh5 11. Bg5 a6 12. Qd2) 9... bxa6 10. Qd3 {[#]} Bc8 $146 {The position is equal.} ({Predecessor:} 10... Qc8 11. Nd2 Rb8 12. h3 Nh5 13. Nc4 Rb4 14. Bg5 f6 15. Bd2 f5 16. b3 Rf7 {1-0 (41) Lavrinenkov,V (2123)-Grabert,R (2254) Bayern 2013}) 11. b3 {[#]} (11. Rb1 $14) 11... Rb8 (11... Nxe4 $1 $15 12. Bb2 Nxc3 13. Bxc3 Bf5) 12. Bb2 Qc7 {[%cal Oc5c4]} 13. Nd1 {[%cal Bc3d1,Bd1e3,Be3c4][%mdl 32]} Bb7 14. Ne3 e5 15. Bc3 Nh5 16. g3 (16. Qd1 $14) 16... Qd7 (16... f5 $11) 17. Kg2 (17. Nh4 $16) 17... Bc8 18. Nc4 h6 (18... f5 $1 $11 19. Nfd2 f4) 19. Ng1 {Active counter play!} f5 20. f3 Nf6 21. Rf2 {[%cal Bf1f2,Bf2h2,Bh2h3][%mdl 32]} f4 (21... h5 $11 {remains equal.}) 22. g4 (22. gxf4 Nh5 23. Ne2 Nxf4+ 24. Nxf4 Rxf4 $11) 22... h5 23. h3 {[%cal Bh2h3,Bh3g4][%mdl 32]} hxg4 {White stays focused until the end.} ({Black should try} 23... Bh6 $14) 24. hxg4 $16 Nh7 (24... Rf7 $142) 25. Kf1 Ng5 26. Rh2 Kf7 (26... a5 $16 {is a better defense.} 27. Nh3 (27. Bxa5 Nf7 $16) (27. Nxa5 Rb6 $16) 27... Nh7 28. Bxa5 Ba6) 27. Nh3 $18 Nxh3 28. Rxh3 Bb7 29. Kf2 (29. Rh7 Rh8 30. Rxh8 Rxh8 $14) 29... Rh8 30. Rah1 Qe7 31. Qf1 {aiming for Rxh8.} ({Don't do} 31. Rh7 $6 Rxh7 32. Rxh7 Rh8 33. Nxe5+ (33. Rxh8 Bxh8 34. Ke2 Kg8 $16) 33... dxe5 $16) 31... Rbg8 (31... Rxh3 {keeps fighting.} 32. Rxh3 Rd8) 32. Rh7 Rxh7 33. Rxh7 Rh8 34. Qh3 Rxh7 35. Qxh7 Bc8 (35... a5 $142 36. Nxa5 (36. Bxa5 Ba6 $16) 36... Qc7) 36. Ke2 Qf6 $2 (36... a5 37. Kd1 (37. Bxa5 Ba6 $14) 37... Qf8 38. Nxa5 (38. Bxa5 Ba6 $16) 38... Bd7) 37. Be1 Ke7 38. Qg8 (38. Ba5 $142) 38... Kd7 (38... Bf8 $142 39. Ba5 g5) 39. Nxd6 Bf8 40. Nc4 {[%cal Og4g5] Threatens to win with g5!} a5 {[#]} 41. Bh4 $1 {[%mdl 512]} Qxh4 (41... Qg7 42. Qe6+) 42. Qxf8 Qh2+ 43. Kd3 Qf2 44. Nxe5+ Kc7 45. Qe7+ Kb6 46. Nc4+ Ka6 47. Qd6+ (47. Qc7 $142 Qxf3+ 48. Kd2 Qg2+ 49. Kc3 Qh3+ 50. Kb2 Qh8+ 51. c3 Qe8 52. Ne5) 47... Kb7 48. Qc6+ Kb8 49. Qd6+ $2 (49. d6 $18 {Qc7+ would kill now.} Qxf3+ 50. Kd2 Qxg4 51. Qxc5) 49... Ka8 $2 {[%mdl 8192]} (49... Kb7 $11 50. Qxf4 Ka8) 50. Qxf4 Ba6 51. Qe3 Qf1+ 52. Kd2 Bxc4 53. bxc4 Qxc4 {[%mdl 4096] Endgame KQ-KQ} 54. Qc3 Qf1 55. Qxc5 {[%cal Rc5c8]} Qg2+ 56. Kc1 {[%cal Rc5c8]} Kb8 57. Qd6+ Kb7 58. Qc6+ Kb8 59. Qb5+ (59. d6 $142 Qg1+ 60. Kd2 Qf2+ 61. Kd3 Qxf3+ 62. Kc4 Qf7+ 63. Kc5 Qb7 64. Qxb7+ Kxb7 65. Kd5) 59... Ka8 60. Qd3 (60. Kb2 $142 Qg1 61. Qxa5 Qd4+ 62. c3 Qd2+ 63. Ka3 Kb8 64. Qb5+ Kc7 65. Qc6+ Kd8 66. d6) 60... Qg1+ 61. Kb2 {White threatens d6 and mate.} Qb6+ 62. Ka2 {Intending d6 and mate.} a6 63. Qc4 {Weighted Error Value: White=0.66/Black=0.65} (63. d6 $142 Kb7 64. d7 Qd8 65. e5 g5 66. Qd5+ Kc7 67. Qd6+ Kb7 68. e6) 1-0

[Event "CZE-ch Amateurs 2022"]
[Site "Luhacovice"]
[Date "2022.03.16"]
[Round "6.11"]
[White "Pilch, Roman"]
[Black "Stastny, Jakub"]
[Result "1-0"]
[WhiteElo "2136"]
[BlackElo "1945"]
[Annotator "ChessBase"]
[PlyCount "105"]
[EventDate "2022.03.12"]
[EventType "swiss"]
[EventCountry "CZE"]
[SourceTitle "playchess.com"]
[Source "ChessBase"]
[SourceQuality "1"]
[TimeControl "5400+30"]

1. Nf3 {[%emt 0:00:10]} d5 {[%emt 0:00:11]} 2. c4 {[%emt 0:00:16]} c6 {[%emt 0:00:11]} 3. b3 {[%emt 0:02:44]} Nf6 {[%emt 0:00:15]} 4. Bb2 {[%emt 0:00:10]} Bf5 {[%emt 0:00:36]} 5. g3 {[%emt 0:00:31]} e6 {[%emt 0:00:36]} 6. Bg2 {[%emt 0:00:18]} h6 {[%emt 0:00:08]} 7. O-O {[%emt 0:00:15]} Be7 {[%emt 0:00:30]} 8. d3 {[%emt 0:00:30]} O-O {[%emt 0:00:00]} 9. Nc3 {[%emt 0:05:34]} Qb6 {[%emt 0:07:32]} 10. Qc2 {[%emt 0:04:58]} a5 {[%emt 0:05:38]} 11. Na4 {[%emt 0:09:12]} Qd8 {[%emt 0:01:15]} 12. c5 {[%emt 0:00:53]} Nbd7 {[%emt 0:02:22]} 13. Rac1 {[%emt 0:06:17]} Rc8 {[%emt 0:02:55]} 14. Bd4 {[%emt 0:02:25]} b5 {[%emt 0:08:51]} 15. Nb2 {[%emt 0:01:26]} Qc7 {[%emt 0:09:49]} 16. Qd2 {[%emt 0:11:10]} Bh7 {[%emt 0:07:16]} 17. Qf4 {[%emt 0:02:37]} Qa7 {[%emt 0:04:45]} 18. Ne5 {[%emt 0:06:26]} Rfe8 {[%emt 0:06:12]} 19. Qe3 {[%emt 0:03:43]} Nxe5 {[%emt 0:00:50]} 20. Qxe5 {[%emt 0:00:27]} Bf8 {[%emt 0:00:36]} 21. Be3 {[%emt 0:09:05]} Nd7 {[%emt 0:04:19]} 22. Qc3 {[%emt 0:00:50]} e5 {[%emt 0:05:07]} 23. d4 {[%emt 0:01:07]} e4 {[%emt 0:00:01]} 24. Qd2 {[%emt 0:01:39]} Bf5 {[%emt 0:02:05]} 25. Rce1 {[%emt 0:01:43]} Nf6 {[%emt 0:00:46]} 26. f3 {[%emt 0:00:57]} Qd7 {[%emt 0:01:27]} 27. a3 {[%emt 0:00:53]} Bh3 {[%emt 0:02:17]} 28. Nd1 {[%emt 0:03:44]} Bxg2 {[%emt 0:01:38]} 29. Kxg2 {[%emt 0:00:03]} Kh7 {[%emt 0:03:59]} 30. Nf2 {[%emt 0:00:48]} g6 {[%emt 0:00:28]} 31. f4 {[%emt 0:06:14]} Bg7 {[%emt 0:01:29]} 32. Qxa5 {[%emt 0:02:02]} Ra8 {[%emt 0:00:00]} 33. Qb4 {[%emt 0:00:11]} Ng4 {[%emt 0:01:22]} 34. Nxg4 {[%emt 0:00:19]} Qxg4 {[%emt 0:00:01]} 35. h3 {[%emt 0:01:18]} Qd7 {[%emt 0:00:35]} 36. Ra1 {[%emt 0:00:34]} f5 {[%emt 0:02:35]} 37. Qe1 {[%emt 0:02:19]} Bf6 {[%emt 0:00:27]} 38. Qf2 {[%emt 0:00:17]} Qe6 {[%emt 0:02:45]} 39. Ra2 {[%emt 0:00:59]} Ra7 {[%emt 0:00:21]} 40. Rfa1 {[%emt 0:00:11]} g5 {[%emt 0:00:17]} 41. a4 {[%emt 0:01:58]} b4 {[%emt 0:03:21]} 42. Kh2 {[%emt 0:01:11]} gxf4 {[%emt 0:01:35]} 43. Qxf4 {[%emt 0:01:14]} Bg5 {[%emt 0:00:01]} 44. Qf2 {[%emt 0:00:13]} Rg8 {[%emt 0:02:51]} 45. Rg1 {[%emt 0:00:25]} Rag7 {[%emt 0:03:06]} 46. Raa1 {[%emt 0:00:39]} h5 {[%emt 0:03:06]} 47. Bxg5 {[%emt 0:00:51]} Rxg5 {[%emt 0:00:01]} 48. Qf4 {[%emt 0:00:24]} R8g6 {[%emt 0:03:00]} 49. e3 {[%emt 0:00:35]} Qf6 {[%emt 0:02:42]} 50. Raf1 {[%emt 0:00:53]} h4 {[%emt 0:00:52]} 51. gxh4 {[%emt 0:00:53]} Rxg1 {[%emt 0:01:16]} 52. Rxg1 {[%emt 0:00:07]} Rh6 {[%emt 0:00:04]} 53. Qc7+ {[%emt 0:00:39]} 1-0

[Event "CZE-ch Amateurs 2022"]
[Site "Luhacovice"]
[Date "2022.03.16"]
[Round "6.12"]
[White "Zaza, Martin"]
[Black "Toman, Jan"]
[Result "0-1"]
[WhiteElo "1822"]
[BlackElo "2127"]
[Annotator "ChessBase"]
[PlyCount "112"]
[EventDate "2022.03.12"]
[EventType "swiss"]
[EventCountry "CZE"]
[SourceTitle "playchess.com"]
[Source "ChessBase"]
[SourceQuality "1"]
[TimeControl "5400+30"]

1. e4 {[%emt 0:00:29]} c5 {[%emt 0:00:07]} 2. Nf3 {[%emt 0:00:13]} e6 {[%emt 0:00:06]} 3. d3 {[%emt 0:00:16]} Nc6 {[%emt 0:00:57]} 4. g3 {[%emt 0:00:18]} d5 {[%emt 0:00:45]} 5. Nbd2 {[%emt 0:00:13]} Nf6 {[%emt 0:00:27]} 6. Bg2 {[%emt 0:00:13]} Be7 {[%emt 0:00:20]} 7. O-O {[%emt 0:00:20]} b5 {[%emt 0:01:22]} 8. Re1 {[%emt 0:02:10]} O-O {[%emt 0:00:16]} 9. Qe2 {[%emt 0:02:20]} Qc7 {[%emt 0:02:07]} 10. e5 {[%emt 0:00:46]} Nd7 {[%emt 0:00:11]} 11. Nf1 {[%emt 0:05:49]} Nd4 {[%emt 0:00:58]} 12. Nxd4 {[%emt 0:00:09]} cxd4 {[%emt 0:00:05]} 13. Bf4 {[%emt 0:00:50]} Bb7 {[%emt 0:00:51]} 14. h4 {[%emt 0:01:20]} Rfc8 {[%emt 0:00:14]} 15. Rec1 {[%emt 0:00:39]} a5 {[%emt 0:05:22]} 16. Nh2 {[%emt 0:04:22]} Qd8 {[%emt 0:06:33]} 17. Nf3 {[%emt 0:06:10]} Qb6 {[%emt 0:01:41]} 18. Ng5 {[%emt 0:15:31]} h6 {[%emt 0:00:41]} 19. Nf3 {[%emt 0:00:27]} a4 {[%emt 0:03:51]} 20. c3 {[%emt 0:01:59]} dxc3 {[%emt 0:06:17]} 21. bxc3 {[%emt 0:00:04]} Ba6 {[%emt 0:01:55]} 22. Rab1 {[%emt 0:11:52]} Qa5 {[%emt 0:10:44]} 23. Bd2 {[%emt 0:04:20]} Qd8 {[%emt 0:00:33]} 24. Nd4 {[%emt 0:04:02]} Rab8 {[%emt 0:04:12]} 25. c4 {[%emt 0:04:31]} bxc4 {[%emt 0:01:21]} 26. Rxb8 {[%emt 0:00:11]} Nxb8 {[%emt 0:00:48]} 27. Qg4 {[%emt 0:01:03]} Kh8 {[%emt 0:02:46]} 28. Qh5 {[%emt 0:05:03]} Qf8 {[%emt 0:02:00]} 29. dxc4 {[%emt 0:06:44]} Bxc4 {[%emt 0:00:49]} 30. Bf1 {[%emt 0:02:17]} Ba3 {[%emt 0:15:18]} 31. Rb1 {[%emt 0:06:18]} Nd7 {[%emt 0:02:22]} 32. Rb7 {[%emt 0:01:51]} g6 {[%emt 0:00:34]} 33. Qd1 {[%emt 0:02:45]} Nc5 {[%emt 0:05:41]} 34. Ra7 {[%emt 0:00:55]} Bxf1 {[%emt 0:02:56]} 35. Kxf1 {[%emt 0:00:27]} Ne4 {[%emt 0:02:31]} 36. Be3 {[%emt 0:00:37]} Bc5 {[%emt 0:00:54]} 37. Rb7 {[%emt 0:01:59]} Bxd4 {[%emt 0:09:36]} 38. Qxd4 {[%emt 0:00:25]} a3 {[%emt 0:02:08]} 39. Qa7 {[%emt 0:01:23]} Kg8 {[%emt 0:00:29]} 40. Kg2 {[%emt 0:02:53]} Nc3 {[%emt 0:02:29]} 41. Rb3 {[%emt 0:00:49]} Nxa2 {[%emt 0:05:00]} 42. Qxa3 {[%emt 0:02:07]} Qxa3 {[%emt 0:01:06]} 43. Rxa3 {[%emt 0:00:04]} Nb4 {[%emt 0:01:09]} 44. Bxh6 {[%emt 0:00:51]} Nc6 {[%emt 0:00:37]} 45. Rc3 {[%emt 0:01:45]} Ne7 {[%emt 0:00:03]} 46. Rxc8+ {[%emt 0:02:01]} Nxc8 {[%emt 0:00:01]} 47. Be3 {[%emt 0:00:22]} Ne7 {[%emt 0:00:45]} 48. f4 {[%emt 0:00:44]} Nc6 {[%emt 0:00:46]} 49. Bc5 {[%emt 0:00:20]} Kg7 {[%emt 0:00:22]} 50. g4 {[%emt 0:00:51]} Na5 {[%emt 0:00:02]} 51. h5 {[%emt 0:00:20]} gxh5 {[%emt 0:00:11]} 52. gxh5 {[%emt 0:00:06]} Kh6 {[%emt 0:00:05]} 53. Kg3 {[%emt 0:00:27]} Kxh5 {[%emt 0:00:03]} 54. f5 {[%emt 0:01:04]} Kg5 {[%emt 0:00:16]} 55. fxe6 {[%emt 0:00:05]} fxe6 {[%emt 0:00:06]} 56. Bd6 {[%emt 0:01:36]} Kf5 {[%emt 0:00:10]} 0-1

[Event "CZE-ch Amateurs 2022"]
[Site "Luhacovice"]
[Date "2022.03.16"]
[Round "6.13"]
[White "Jares, Michal"]
[Black "Benes, Miroslav"]
[Result "1/2-1/2"]
[WhiteElo "2160"]
[BlackElo "1929"]
[Annotator "ChessBase"]
[PlyCount "70"]
[EventDate "2022.03.12"]
[EventType "swiss"]
[EventCountry "CZE"]
[SourceTitle "playchess.com"]
[Source "ChessBase"]
[SourceQuality "1"]
[TimeControl "5400+30"]

1. e4 {[%emt 0:00:12]} c5 {[%emt 0:08:04]} 2. Nf3 {[%emt 0:00:12]} d6 {[%emt 0:00:49]} 3. Bb5+ {[%emt 0:01:52]} Bd7 {[%emt 0:00:32]} 4. Bxd7+ {[%emt 0:00:09]} Qxd7 {[%emt 0:00:15]} 5. O-O {[%emt 0:00:12]} Nc6 {[%emt 0:01:05]} 6. c3 {[%emt 0:00:55]} Nf6 {[%emt 0:00:33]} 7. Re1 {[%emt 0:00:47]} e6 {[%emt 0:00:19]} 8. d3 {[%emt 0:03:26]} Be7 {[%emt 0:00:42]} 9. a4 {[%emt 0:01:13]} O-O {[%emt 0:05:02]} 10. Nbd2 {[%emt 0:03:29]} b6 {[%emt 0:10:22]} 11. Qe2 {[%emt 0:02:02]} a6 {[%emt 0:07:37]} 12. Nc4 {[%emt 0:12:34]} Rab8 {[%emt 0:06:45]} 13. Bf4 {[%emt 0:05:48]} Nh5 {[%emt 0:01:52]} 14. Bg3 {[%emt 0:06:50]} Nxg3 {[%emt 0:00:30]} 15. hxg3 {[%emt 0:00:04]} b5 {[%emt 0:00:40]} 16. axb5 {[%emt 0:05:00]} axb5 {[%emt 0:00:01]} 17. Ne3 {[%emt 0:00:49]} b4 {[%emt 0:08:18]} 18. d4 {[%emt 0:04:35]} bxc3 {[%emt 0:00:54]} 19. bxc3 {[%emt 0:00:10]} cxd4 {[%emt 0:00:16]} 20. cxd4 {[%emt 0:00:30]} Bf6 {[%emt 0:00:51]} 21. Rad1 {[%emt 0:03:28]} Qa7 {[%emt 0:04:02]} 22. Ra1 {[%emt 0:07:43]} Qb6 {[%emt 0:05:28]} 23. e5 {[%emt 0:06:10]} dxe5 {[%emt 0:00:41]} 24. dxe5 {[%emt 0:00:24]} Be7 {[%emt 0:06:16]} 25. Qc4 {[%emt 0:03:20]} Rfc8 {[%emt 0:04:01]} 26. Rec1 {[%emt 0:03:02]} Na7 {[%emt 0:01:44]} 27. Qe4 {[%emt 0:02:17]} Rxc1+ {[%emt 0:01:59]} 28. Rxc1 {[%emt 0:00:02]} h6 {[%emt 0:00:46]} 29. g4 {[%emt 0:03:33]} Rc8 {[%emt 0:09:29]} 30. Rb1 {[%emt 0:01:38]} Qc6 {[%emt 0:02:03]} 31. Qf4 {[%emt 0:01:15]} Nb5 {[%emt 0:00:46]} 32. g5 {[%emt 0:02:21]} Nc3 {[%emt 0:00:40]} 33. Re1 {[%emt 0:00:26]} hxg5 {[%emt 0:00:37]} 34. Nxg5 {[%emt 0:00:47]} Bxg5 {[%emt 0:00:34]} 35. Qxg5 {[%emt 0:00:02]} Qe4 {[%emt 0:01:15]} 1/2-1/2

[Event "CZE-ch Amateurs 2022"]
[Site "Luhacovice"]
[Date "2022.03.16"]
[Round "6.14"]
[White "Vanek, Ladislav"]
[Black "Vrzal, Filip"]
[Result "1-0"]
[WhiteElo "2221"]
[BlackElo "1877"]
[Annotator "RC"]
[PlyCount "84"]
[EventDate "2022.03.12"]
[EventType "swiss"]
[EventCountry "CZE"]
[SourceTitle "playchess.com"]
[Source "ChessBase"]
[SourceQuality "1"]
[TimeControl "5400+30"]

1. d4 {[%emt 0:00:11]} Nf6 {[%emt 0:00:05]} 2. Bf4 {[%emt 0:00:24]} d5 {[%emt 0:00:23]} 3. e3 {[%emt 0:00:16]} c5 {[%emt 0:00:15]} 4. c3 {[%emt 0:00:16]} Qb6 {[%emt 0:00:12]} 5. Qb3 {[%emt 0:02:16]} c4 {[%emt 0:00:10]} 6. Qc2 {[%emt 0:01:14]} g6 {[%emt 0:00:14]} 7. Nd2 {[%emt 0:02:16]} Bf5 {[%emt 0:01:24]} 8. Qc1 {[%emt 0:00:06]} Nc6 {[%emt 0:05:16]} 9. Ngf3 {[%emt 0:00:07]} Bg7 {[%emt 0:00:23]} 10. Be2 {[%emt 0:00:33]} O-O {[%emt 0:05:06]} 11. O-O {[%emt 0:00:07]} Nh5 {[%emt 0:01:37]} 12. Re1 {[%emt 0:04:55]} Nxf4 {[%emt 0:02:17]} 13. exf4 {[%emt 0:00:05]} Bg4 {[%emt 0:06:03]} 14. Nf1 {[%emt 0:00:32]} Qc7 {[%emt 0:01:31]} 15. Ne3 {[%emt 0:00:21]} Bxf3 {[%emt 0:00:20]} 16. Bxf3 {[%emt 0:00:06]} e6 {[%emt 0:00:08]} 17. g3 {[%emt 0:02:33]} b5 {[%emt 0:01:58]} 18. h4 {[%emt 0:00:27]} b4 {[%emt 0:06:05]} 19. Kg2 {[%emt 0:00:20]} Rab8 {[%emt 0:02:55]} 20. h5 {[%emt 0:00:16]} Rb6 {[%emt 0:01:46]} 21. Rh1 {[%emt 0:00:28]} bxc3 {[%emt 0:01:16]} 22. bxc3 {[%emt 0:00:08]} Rfb8 {[%emt 0:01:49]} 23. Rh4 {[%emt 0:12:40]} Nxd4 {[%emt 0:12:31]} 24. cxd4 {[%emt 0:00:18]} Bxd4 {[%emt 0:00:07]} 25. hxg6 {[%emt 0:00:07]} fxg6 {[%emt 0:00:13]} 26. f5 {[%emt 0:00:22]} Bxa1 {[%emt 0:01:16]} 27. Qxa1 {[%emt 0:04:29]} c3 {[%emt 0:00:32]} 28. Qd1 {[%emt 0:00:25]} gxf5 {[%emt 0:06:27]} 29. Qd3 {[%emt 0:07:32]} Rb4 {[%emt 0:13:48]} 30. Rh5 {[%emt 0:23:51]} Qg7 {[%emt 0:05:31]} 31. Nc2 {[%emt 0:03:29]} Rb2 {[%emt 0:05:30]} 32. Qe3 {[%emt 0:00:22]} Kh8 {[%emt 0:04:54]} 33. Nd4 {[%emt 0:01:59]} c2 {[%emt 0:07:11]} 34. Nxe6 {[%emt 0:02:11]} d4 {[%emt 0:04:08]} 35. Qf4 {[%emt 0:02:50]} Qf6 {[%emt 0:01:20]} 36. Rh6 {[%emt 0:00:17]} Qf7 {[%emt 0:02:13]} 37. Ng5 {[%emt 0:15:37]} Qg7 {[%emt 0:00:31]} 38. Rxh7+ {[%emt 0:00:17]} Qxh7 {[%emt 0:00:16]} 39. Nxh7 {[%emt 0:00:05]} Kxh7 {[%emt 0:01:11]} 40. Qxf5+ {[%emt 0:00:18]} Kg7 {[%emt 0:00:36]} 41. Qe5+ {[%emt 0:02:33]} Kf8 {[%emt 0:00:19]} 42. Qf6+ {[%emt 0:00:11]} Ke8 {[%emt 0:00:19]} 1-0

[Event "CZE-ch Amateurs 2022"]
[Site "Luhacovice"]
[Date "2022.03.16"]
[Round "6.15"]
[White "Novotny, Jaroslav"]
[Black "Fishchuk, Vladyslav"]
[Result "1-0"]
[WhiteElo "2190"]
[BlackElo "1657"]
[Annotator "ChessBase"]
[PlyCount "76"]
[EventDate "2022.03.12"]
[EventType "swiss"]
[EventCountry "CZE"]
[SourceTitle "playchess.com"]
[Source "ChessBase"]
[SourceQuality "1"]
[TimeControl "5400+30"]

1. Nf3 {[%emt 0:00:12]} Nf6 {[%emt 0:00:06]} 2. c4 {[%emt 0:00:12]} c5 {[%emt 0:00:25]} 3. Nc3 {[%emt 0:00:18]} Nc6 {[%emt 0:00:07]} 4. g3 {[%emt 0:00:32]} d5 {[%emt 0:00:06]} 5. d4 {[%emt 0:01:39]} cxd4 {[%emt 0:00:27]} 6. Nxd4 {[%emt 0:01:39]} e5 {[%emt 0:00:08]} 7. Nxc6 {[%emt 0:01:07]} bxc6 {[%emt 0:00:11]} 8. Bg2 {[%emt 0:00:36]} Rb8 {[%emt 0:02:44]} 9. O-O {[%emt 0:02:40]} d4 {[%emt 0:02:15]} 10. Bxc6+ {[%emt 0:04:28]} Bd7 {[%emt 0:00:09]} 11. Bxd7+ {[%emt 0:00:13]} Qxd7 {[%emt 0:00:15]} 12. Na4 {[%emt 0:00:45]} Qh3 {[%emt 0:03:34]} 13. f3 {[%emt 0:01:26]} Be7 {[%emt 0:00:43]} 14. e4 {[%emt 0:03:11]} h5 {[%emt 0:02:06]} 15. Qe2 {[%emt 0:01:14]} Qd7 {[%emt 0:02:15]} 16. b3 {[%emt 0:00:42]} h4 {[%emt 0:00:57]} 17. g4 {[%emt 0:02:03]} d3 {[%emt 0:07:14]} 18. Qf2 {[%emt 0:01:55]} Nh7 {[%emt 0:02:25]} 19. Rd1 {[%emt 0:05:57]} Rd8 {[%emt 0:01:08]} 20. Be3 {[%emt 0:03:33]} Ng5 {[%emt 0:01:58]} 21. Bxg5 {[%emt 0:02:40]} Bxg5 {[%emt 0:00:11]} 22. Nc5 {[%emt 0:00:20]} Qd6 {[%emt 0:00:55]} 23. Rxd3 {[%emt 0:01:30]} Qxd3 {[%emt 0:00:10]} 24. Nxd3 {[%emt 0:00:07]} Rxd3 {[%emt 0:00:03]} 25. Re1 {[%emt 0:05:14]} O-O {[%emt 0:00:31]} 26. Kg2 {[%emt 0:16:39]} Rfd8 {[%emt 0:00:42]} 27. Re2 {[%emt 0:01:12]} Rd2 {[%emt 0:01:56]} 28. Kh3 {[%emt 0:02:11]} Rxe2 {[%emt 0:00:21]} 29. Qxe2 {[%emt 0:00:01]} Rd2 {[%emt 0:00:08]} 30. Qf1 {[%emt 0:02:12]} Bf4 {[%emt 0:06:07]} 31. g5 {[%emt 0:00:31]} Rxh2+ {[%emt 0:00:09]} 32. Kg4 {[%emt 0:00:10]} h3 {[%emt 0:01:20]} 33. c5 {[%emt 0:01:25]} Rg2+ {[%emt 0:00:26]} 34. Kxh3 {[%emt 0:00:41]} Rg3+ {[%emt 0:00:23]} 35. Kh4 {[%emt 0:01:59]} Rxg5 {[%emt 0:01:44]} 36. c6 {[%emt 0:03:05]} Rg6 {[%emt 0:00:41]} 37. c7 {[%emt 0:00:33]} Rh6+ {[%emt 0:00:10]} 38. Kg4 {[%emt 0:00:16]} Rh2 {[%emt 0:00:00]} 1-0